| 000 | 01145nam a2200253Ia 4500 | ||
|---|---|---|---|
| 003 | GCL | ||
| 005 | 20240530104717.0 | ||
| 008 | 140319s9999 xx 000 0 ara d | ||
| 040 |
_aGCL / _cGCL |
||
| 082 | 0 | 4 |
_a940.2 _bع ت |
| 100 | 1 | _aعبدالعظيم رمضان | |
| 245 | 1 | 0 |
_aتاريخ اوروبا والعالم فى العصر الحديث : _bمن ظهور البورجوازية الاوروبية الى الحرب الباردة / _cعبدالعظيم رمضان |
| 260 |
_aالقاهرة : _bالهيئة المصرية العامة للكتاب ، _c1997 |
||
| 300 | _c25 سم | ||
| 501 | _aالجزء الثانى : من تسوية مؤتمر فينا 1815 الى تسوية مؤتمر فرساى 1919 | ||
| 501 | _aالجزء الثالث : من قيام النازية فى المنيا الى الحرب الباردة | ||
| 650 | 0 | 4 | _aالتاريخ |
| 650 | 0 | 4 | _aالنبلاء |
| 650 | 0 | 4 | _aالاصلاح الدينى |
| 650 | 0 | 4 | _aالثورة الفرنسية |
| 650 | 0 | 4 | _aاوربا - تاريخ - عصر النهضة |
| 650 | 0 | 4 | _aاوربا - تاريخ - العصر الحديث |
| 942 |
_2ddc _cBK |
||
| 999 |
_c50046 _d50046 |
||